000
00325nam a2200133Ia 4500
008
230818s2000 xx 000 0 und d
041
_a
eng
100
_a
Shiring S.B.
245
_a
Intraoduction to catering
260
_b
Delmar pub.
_c
2000
300
_a
398p
520
_a
General | Hard Board
999
_c
854657
_d
854657
650
_a
Food Production